The foreign graduate student : priorities for research and action :

Bibliographic Details
Corporate Authors: Colloquium on the Foreign Graduate Student Wingspread, Racine, Wisconsin, National Liaison Committee on Foreign Student Admissions
Format: Conference Proceeding Book
Language:English
Published: New York : College Entrance Examination Board, 1971.
Subjects:

MARC

Tag First Indicator Second Indicator Subfields
LEADER 00000cam a2200000 a 4500
001 in00000076620
005 20151008053727.0
008 710406s1971 nyu b 10010 engm
010 |a  79146269  
020 |c $1.25 
035 |a (OCoLC)00132512 
035 |9 AAH8437AM 
040 |a DLC  |c DLC  |d m.c.  |d TXA  |d UtOrBLW 
043 |a n-us--- 
049 |a TXAM  |c [387102] 
050 0 0 |a LA227.3  |b .C65 1970 
082 0 |a 378.1/98 
111 2 |a Colloquium on the Foreign Graduate Student  |n (2nd :  |d 1970 :  |c Wingspread, Racine, Wisconsin) 
245 1 4 |a The foreign graduate student :  |b priorities for research and action :  |b a colloquium held at Wingspread, Racine, Wisconsin, June 16-17, 1970. 
264 1 |a New York :  |b College Entrance Examination Board,  |c 1971. 
300 |a viii, 98 pages ;  |c 24 cm. 
336 |a text  |b txt  |2 rdacontent 
337 |a unmediated  |b n  |2 rdamedia 
338 |a volume  |b nc  |2 rdacarrier 
500 |a Sponsored by the National Liaison Committee on Foreign Student Admissions. 
504 |a Bibliography: pages 94-98. 
650 0 |a Universities and colleges  |z United States  |x Graduate work. 
650 0 |a Students, Foreign  |z United States. 
710 2 |a National Liaison Committee on Foreign Student Admissions. 
999 |a MARS 
999 f f |s 877aaba1-f305-3ed5-89b7-81caedd254e4  |i 2597333f-7f2c-3f4d-84d8-855b4aa25060  |t 0 
952 f f |p normal  |a Texas A&M University  |b College Station  |c Sterling C. Evans Library  |d Evans: Library Stacks  |t 0  |e LA227.3 .C65 1970  |h Library of Congress classification  |i unmediated -- volume  |m A14806158581 
998 f f |a LA227.3 .C65 1970  |t 0  |l Evans: Library Stacks